| 000 | 00440nam a22001817a 4500 | ||
|---|---|---|---|
| 005 | 20250630112851.0 | ||
| 008 | 250630b |||||||| |||| 00| 0 eng d | ||
| 020 |
_a9780552547390 _qhbk |
||
| 041 | _aeng | ||
| 082 | _a823.92 RAI | ||
| 100 | _aRai Bali | ||
| 245 |
_aThe Crew _b: _c/ Bali Rai |
||
| 250 | _a1st ed | ||
| 260 |
_aBritain _bCoorgi Books _c2003 |
||
| 300 |
_a237p. : _c22cm |
||
| 650 | _aEnglish Fiction | ||
| 942 | _cENGLISH | ||
| 999 |
_c574292 _d574292 |
||